000 01298nam0a22002771 4500
001 v19\rc\1583943
005 20260405071200.0
035 _a(NLR Aleph) 004710049
090 _a4187495
_c4187495
100 _a20061002d1901 |||y0rusy50 ca
101 0 _arus
102 _aRU
105 _ay b |||||
200 1 _aЖизнь и страдания св. великомученицы Екатерины, девы премудрой
_eСост. по Четьим-Минеям св. Димитрия Ростовского. Нояб. 24 дня
205 _a4-е изд.
210 _aМосква
_cтип. т-ва И.Д. Сытина
_d1901
215 _a30 с.
_d18
300 _aЗагл. обл.: Житие и страдание святой великомученицы Екатерины
512 0 _aЖитие и страдание святой великомученицы Екатерины
532 1 2 _aЖизнь и страдания святой великомученицы Екатерины, девы премудрой
702 0 _4570
_8rus
_7ca
_aЕкатерина Александрийская
_cсвятая
_f-ок.307
_3RU\NLR\AUTH\7717728
_9814
801 0 _aRU
_bNLR
_gpsbo
801 1 _aRU
_bProSoft-M
_2rusmarc
852 _aNLR
_j20.61.6.239
942 _cBOOK
980 _aNB